O mundo que nós perdemos (Registo nº 199271)

Detalhes MARC
000 -Etiqueta do registo
Valores 00725nam 22002053 4500
100 ## - Dados gerais de processamento
Dados gerais 20251126d u||y0pory50 ba
200 ## - Titulo e menção de responsabilidade
Título próprio O mundo que nós perdemos
Primeira menção de responsabilidade Peter Laslett
Outras menções de responsabilidade tradução de Alexandre Pinheiro Torres, Hermes Serrão
210 ## - Publicação
Local de publicação Lisboa
Nome do editor Cosmos
Data de publicação 1975
215 ## - Descrição física 
Paginação / Volumes 333, [5] p.
Outras indicações físicas encadernado
Dimensões 23 cm
225 ## - Colecção 
Título próprio da colecção A marcha da humanidade. Secção I, Épocas e áreas de civilizações
Número de parte ou secção 2
606 ## - Nome comum usado como assunto
ID Autoridade 35
Palavra de ordem Sociologia. Demografia.Estatística
675 ## - CDU
Notação 31
Edição PT
Língua por
700 ## - Autor principal (pessoa individual)
ID Autoridade 15167
Apelido Laslett
Nome Peter
Datas 1915-2001
702 ## - Autor secundário (pessoa individual)
ID Autoridade 15168
Apelido Torres
Nome Alexandre Pinheiro
Datas 1921-1999
702 ## - Autor secundário (pessoa individual)
ID Autoridade 15169
Apelido Serrão
Nome Hermes
801 ## - Fonte de origem
País PT
Agência BMMN
Regras de catalogação RPC
830 ## - Notas gerais do catalogador
Criado por Vanda
990 ## - Elementos KOHA
Tipo de documento Livro
Exemplares
Situação do levantamento Biblioteca de origem Código de barras Cota Permissão de empréstimo Tipo de documento Forma de aquisição
  Biblioteca Municipal de Montemor-o-Novo 28089 31 LAS|DEP   Livro Compra

Powered by Koha